| 000 | 00823nam a2200205 a 4500 | ||
|---|---|---|---|
| 008 | 120416s1993 ||||||||||||||||| || u | ||
| 020 | _a0023252812 | ||
| 050 | _aTK 5101 Cou | ||
| 100 | _aCouch, Leon W | ||
| 245 | 1 | 0 | _aDigital and analog communication systems. (4th ed.) |
| 250 | _a4th ed. | ||
| 260 |
_aNew York: _bMacmillan _c1993 |
||
| 300 | _axxix, 827p. : ill. | ||
| 350 | _a0.00 | ||
| 650 | 0 | _aTELECOMMUNICATION SYSTEMS | |
| 650 | _aTELECOMMUNICATION | ||
| 650 | _aDIGITAL COMMUNICATIONS | ||
| 995 |
_aMAIN LIBRARY OPEN ACCESS _D0.00 _e727285 _FCBU-MAIN LIBRARY (Kitwe) _H1 _I25.95 _jTK 5101 Cou _M2 _UAVAILABLE _y018067 _ZMain Library Open Access Collection |
||
| 995 |
_aMAIN LIBRARY OPEN ACCESS _D0.00 _e727284 _FCBU-MAIN LIBRARY (Kitwe) _H2 _I25.95 _jTK 5101 Cou _M1 _UDAMAGED _y018063 _ZMain Library Open Access Collection |
||
| 999 |
_c63547 _d63547 |
||